000 00721nam a22001937a 4500
999 _c166643
_d166643
005 20190801132132.0
010 _aUR-10326
020 _c400.00
_a789388356091
035 _aU-8881
037 _bDBAD/PUB
082 _a840.8
100 _aعر فا ن عا لم
245 _aا قبا ل:معر و ز ی تجز يے ا و ر سا ہسی مباحث
_cعر فا ن عا لم
246 _bIqbak:Maruzi,Tajziye aur Sciencei Mabahis (Urdu)
_aby Irfan Aala m
260 _aDelhi
_bEducational Publishing House
_c2018 ء
270 _a3191,Vakil Street,Kucha Pandit,Lal Kuan,
_bDelhi
_e110006
_k23214465
_l00911123211540
300 _a280 ص
_c22 Cm(Hb)
942 _2ddc
_cUR
_h840.8
_mع ر ف